[Event "EYCC 2017"]
[Site "Mamaia"]
[Date "2017.09.12"]
[Round "7"]
[White "Matviishen, Viktor"]
[Black "Van Foreest, Lucas"]
[Result "0-1"]
[WhiteElo "2431"]
[BlackElo "2485"]
[Annotator "TA"]
[PlyCount "314"]
[EventDate "2017.??.??"]
[EventType "swiss"]
[EventCountry "ROU"]
[SourceTitle "playchess.com"]
[Source "ChessBase"]
[SourceQuality "1"]

{[%evp 9,314,3,6,11,15,5,24,6,5,0,0,-5,26,18,64,75,62,54,52,57,52,58,56,37,82,82,82,-14,-3,-14,0,0,0,-4,-3,0,-6,-2,0,0,0,0,102,-61,-64,-65,0,0,0,0,0,0,0,0,0,0,0,0,0,0,0,0,0,-6,-6,-8,-6,-6,-6,-9,0,0,0,-6,-5,-62,-62,-62,-62,-62,-62,-62,-60,-60,0,-60,-60,-74,-53,-53,-53,-53,-53,-53,0,-53,0,-53,-53,-53,-53,-53,-53,-53,-53,-53,-53,-53,-53,-53,-53,-53,-53,-53,-53,-53,-53,-53,-53,-53,-53,-53,-53,-53,-53,-53,-53,-60,0,0,0,0,0,0,0,0,0,0,0,0,0,-12,-12,-27,0,0,0,0,0,0,0,0,0,0,0,0,0,0,0,-27,0,-27,0,-6,0,0,0,0,0,0,0,0,0,0,0,0,0,0,0,0,0,0,0,0,0,0,0,0,0,0,0,-10,0,0,0,0,0,-11,-11,-11,-11,-18,-18,-33,-33,-33,-33,-33,-33,-33,-7,-33,0,0,0,0,0,-33,-8,-33,0,0,0,-33,0,-43,0,0,0,0,0,0,0,0,0,0,0,0,0,0,0,0,0,0,0,0,0,0,0,0,0,0,0,0,0,0,0,0,0,0,0,0,0,0,0,0,0,0,0,0,0,0,0,0,0,0,0,0,0,0,0,0,0,0,0,0,0,0,0,0,0,0,0,0,0,-192,-192,-192,-55,-192,-196,-192,-192,-207,-214,-29992,-29991]} 1. d4 Nf6 2. c4 e6 3. Nf3 a6 4. Nbd2 (4. Nc3 d5 5. cxd5 exd5 6. Bg5 Be6 7. e3 Nbd7 8. Bd3 Bd6 9. Bf4 Qe7 10. O-O c6 11. h3 O-O 12. Re1 Rfd8 13. Rc1 Rac8 14. Ne5 Ne8 15. Nxd7 Bxd7 16. Na4 Qf6 17. Nb6 Rb8 18. Nxd7 {½-½ (18) Shimanov,A (2623)-Rakhmanov,A (2670) Astana 2017}) 4... c5 5. e4 $146 ({Predecessor:} 5. dxc5 Bxc5 6. e3 O-O 7. Be2 b6 8. Rb1 Bb7 9. b4 Be7 10. O-O d6 11. Bb2 Nbd7 {½-½ (70) Juliarena,A (2094)-Bielicki,C (2315) Buenos Aires 2011}) 5... cxd4 6. Nxd4 {E10: Blumenfeld Gambit} d6 7. b3 b6 8. Bb2 {White has an edge.} Bb7 9. Bd3 Nbd7 10. O-O Be7 11. Qe2 e5 12. Nf5 $36 {[%mdl 2048] White has strong initiative.} Bf8 13. Rfd1 g6 14. Ne3 Bh6 15. b4 O-O 16. a3 a5 17. Nb1 Nb8 (17... Bxe4 $2 18. Bxe4 Nxe4 19. Ng4 $18) 18. c5 ({Better is} 18. Nc3 $16) 18... axb4 19. axb4 Rxa1 20. Bxa1 bxc5 21. bxc5 Qa5 22. Bb2 $1 Qxc5 23. Ba3 Qc7 24. Nc4 $1 Rd8 25. Nc3 Ba6 {[#]} (25... Bf8 $11 {remains equal.}) 26. Qa2 $2 (26. Bxd6 $1 $16 Qa7 27. Bxe5) 26... Bf8 $15 27. Bf1 Rc8 (27... h5 $15) 28. Nxd6 $11 Bxf1 29. Nxc8 Bc4 ({Wrong is} 29... Qxc8 $2 30. Bxf8 Kxf8 31. Qa3+ Kg7 32. Rxf1 $18) 30. Qd2 Qxc8 ({But not} 30... Bxa3 $6 31. Qd8+ Qxd8 32. Rxd8+ Kg7 33. Nb6 $16) 31. Bxf8 $1 Qxf8 32. Qd8 Nbd7 33. Rxd7 Nxd7 34. Qxd7 Qc5 35. h4 Kg7 36. Qd2 Qd4 37. Qe1 Bd3 38. Qd2 h6 (38... Ba6 $5 {[%cal Rd4d2]} 39. Qe1 Bd3 $15) 39. g3 Qc4 40. Qe1 Qb4 41. Kh2 Kh7 42. Qd2 (42. f3 $11) 42... Bxe4 $15 43. Nxe4 Qxe4 {[%mdl 4096] Endgame KQ-KQ} 44. Qc3 Kg7 45. Kg1 Kf6 46. Qd2 Kg7 47. Qc3 $1 Qd4 48. Qf3 h5 49. Kg2 Kf8 50. Qb7 Ke8 51. Kg1 Kf8 52. Kg2 Kg7 53. Qf3 $1 Qg4 54. Qc6 Qf5 55. Qd5 Qf6 56. Kg1 Qe6 57. Qf3 Qd6 (57... Qf5 {with more complications.} 58. Qb7 Qc2 59. Qd5 Qc1+ 60. Kh2 Qb2) 58. Kg2 Qc7 59. Kh2 Kf8 60. Qf6 Ke8 61. Kg1 Qc1+ (61... Qe7 $5 {[%cal Re7f6]} 62. Qc6+ Qd7 $17) 62. Kh2 Qc5 63. Qf3 Ke7 64. Kg1 Ke6 65. Qb7 Qd5 66. Qc8+ Qd7 67. Qc4+ Kf5 68. Qc2+ e4 (68... Kf6 $15) 69. Qc1 Kg4 70. Kh2 {[%csl Gg3][%cal Rc1f4]} Qf5 71. Qf1 (71. Qe3 $5 {[%cal Rf2f3]} f6 72. Qe2+ Qf3 73. Qf1 $11) 71... Kf3 72. Qe1 {Qe3+ would kill now.} Qe5 73. Qe3+ Kg4 74. Qe2+ Kf5 75. Qe3 Kf6 76. Qb6+ Kf5 77. Qe3 Ke6 78. Qb6+ Qd6 79. Qb3+ Qd5 80. Qe3 Qd3 81. Qc5 Qd6 (81... e3 $5 82. fxe3 Qd5 83. Qb6+ Ke5 $11) 82. Qe3 Qe5 83. Qb3+ Kf6 84. Qe3 Qd5 85. Qf4+ Ke6 86. Qe3 f6 87. Qh6 Qf5 (87... Qd4 $5 {[%cal Rd4f2]} 88. Kg2 Kf5 $11) 88. Qe3 Qe5 89. Qc1 Qd5 (89... e3 $5 90. fxe3 Qd5 $11) 90. Qh6 Qf5 91. Qe3 Qe5 92. Qc1 Qd4 93. Qc6+ Ke7 94. Qc7+ Qd7 95. Qc4 Qe6 (95... f5 {looks sharper.} 96. Qg8 Qd4 97. Kg2 Qf6 98. Qc8 Qf8) 96. Qc7+ Kf8 97. Qh7 Qf7 (97... Qg8 {is interesting.} 98. Qb7 Qe6 99. Qh7) 98. Qh6+ Kg8 99. Kg1 Qe8 100. Kh2 Kf7 101. Qh7+ Ke6 102. Qb7 f5 103. Qb6+ Kf7 104. Qb7+ Qe7 105. Qd5+ Kg7 106. Qd4+ Kh7 107. Qe3 Qd7 108. Qc5 Kg7 109. Qc3+ Kf7 110. Qc4+ Ke7 111. Qc3 Ke6 112. Qc4+ Qd5 113. Qa6+ Qd6 114. Qb5 Qd7 115. Qc4+ Qd5 116. Qa6+ Qd6 117. Qb5 f4 118. Qe8+ Kf5 119. Qb5+ Qe5 120. Qd7+ Kf6 121. Qd8+ Kg7 122. Qd7+ Kh6 {Strongly threatening ...Qb2.} 123. Qd8 fxg3+ 124. fxg3 Kg7 125. Qd7+ Kf6 126. Qd8+ Qe7 (126... Kf5 $5 {[%cal Re4e3]}) 127. Qd4+ Kf5 128. Qd5+ Qe5 129. Qf7+ Kg4 130. Qd7+ Kf3 131. Qd1+ Ke3 132. Qe1+ Kd3 {And now ...Qb2+ would win.} 133. Qd1+ Kc4 134. Qa4+ Kd5 135. Qb5+ Ke6 136. Qe8+ Kf6 (136... Kd5 $5 {[%cal Re5e8]} 137. Qb5+ Kd6 138. Qb8+ Kd5 139. Qb5+ $11) 137. Qf8+ Ke6 138. Qe8+ Kf5 139. Qf7+ Kg4 140. Qd7+ Kf3 141. Qd1+ Ke3 142. Qe1+ Kd4 {Hoping for ...Qb5.} 143. Qa1+ Kd5 144. Qa8+ Kc5 145. Qa5+ Kd6 146. Qd8+ Kc6 147. Qa8+ Kb6 148. Qd8+ Kb5 149. Qd7+ Kb4 {...e3 is the strong threat.} 150. Qb7+ Kc3 {Threatens to win with ...e3.} 151. Qc6+ Kd2 {aiming for ...e3.} (151... Kb2 $5 {[%cal Re4e3]} 152. Qc4 Qf5 153. Qe2+ Kc3 154. Qe3+ Kb4 155. Qd2+ Kc4 156. Qc2+ Kb5 157. Qb3+ Kc6 158. Qa4+ Kd5 159. Qa5+ Kc6 160. Qa6+ Kc7 161. Qa7+ Kc6 162. Qa4+ Kd5 163. Qb5+ Ke6 164. Qc6+ Kf7 165. Qb7+ Kf6 166. Qb6+ Kf7 167. Qa7+ Kf6 168. Qb6+ Qe6 169. Qf2+ Qf5 170. Qb6+ $17) 152. Qd7+ $2 {[#]} (152. Qc4 $11 {and White stays safe.}) 152... Ke1 $1 $19 153. Qc6 {If only White now had time for Qc1+....} e3 (153... Qd4 $19 {White must now prevent ...Qf2+.} 154. Kh3 Qd3) 154. Qc1+ ({White has to play} 154. Qxg6 $15 Qd5 155. Qb1+ Kf2 156. Qb2+ Qd2 157. Qb7) 154... Kf2 155. Qg1+ Ke2 156. Qc1 Qd5 157. Kh3 $2 (157. Qa1 $19) 157... Qf5+ {Precision: White = 69%, Black = 56%.} 0-1

[Event "EYCC 2017"]
[Site "Mamaia"]
[Date "2017.09.12"]
[Round "7"]
[White "Costachi, Mihnea"]
[Black "Tokranovs, Dmitrijs"]
[Result "1-0"]
[WhiteElo "2418"]
[BlackElo "2334"]
[Annotator "TA"]
[PlyCount "65"]
[EventDate "2017.??.??"]
[EventType "swiss"]
[EventCountry "ROU"]
[SourceTitle "playchess.com"]
[Source "ChessBase"]
[SourceQuality "1"]

{[%evp 18,65,12,12,23,20,19,0,0,0,0,-22,48,43,100,108,345,360,376,374,384,390,388,388,357,331,336,307,366,369,352,342,382,378,413,404,536,527,728,750,729,741,727,717,829,816,996,970,922,920]} 1. d4 Nf6 2. c4 e6 3. Nf3 b6 4. g3 Bb7 5. Bg2 Be7 6. O-O O-O 7. Re1 d5 8. cxd5 exd5 9. Nc3 Ne4 10. Bf4 {LiveBook: 20 Games. E17: Queen's Indian: 4 g3 Bb7 5 Bg2 Be7} (10. Qc2 Nc6 11. a3 Bf6 12. Rd1 Re8 13. Be3 Ne7 14. Nxe4 dxe4 15. Nd2 Nf5 16. Bxe4 Rxe4 17. Nxe4 Qd5 {1-0 (36) Navara,D (2734)-Eljanov,P (2717) Berlin 2015}) 10... Bb4 11. Qc2 Nc6 12. Red1 {The position is equal.} (12. Bd2 $5) 12... Bxc3 $146 ({Predecessor:} 12... Nxc3 13. bxc3 Bd6 14. Bxd6 Qxd6 15. Ng5 {½-½ (23) Cummings,D (2367)-Bluvshtein,M Toronto 2000}) 13. bxc3 {[%cal Bb2c3,Bc3c4,Bc4d5][%mdl 32]} Na5 14. Ne5 Qe7 (14... f6 $11 15. Nd3 g5) 15. c4 $36 {[%mdl 2048] aiming for cxd5. Black is under pressure.} f6 ({Better is} 15... c6 $1 $14) 16. cxd5 $16 fxe5 $2 {[#]} (16... Nxf2 $16 {keeps fighting.} 17. Nc6 (17. Kxf2 fxe5 18. dxe5 g5 $17) 17... Bxc6 18. Kxf2 Bb5) 17. Qxe4 $18 Rae8 18. dxe5 g5 19. Bd2 Qxe5 20. Qxe5 Rxe5 21. Bxa5 bxa5 22. e3 Ref5 23. f4 gxf4 24. gxf4 ({But not} 24. exf4 R5f7 $18) 24... Re8 25. Kf2 Rh5 26. h3 Bc8 27. Rac1 {White is clearly winning.} Bxh3 28. Bf3 Rh6 29. Rh1 Re7 {[#]} 30. Bg4 $1 {[%mdl 512]} Bxg4 31. Rxh6 Bf5 32. Rhc6 Rd7 33. R1c5 {Precision: White = 76%, Black = 18%.} 1-0

[Event "EYCC 2017"]
[Site "Mamaia"]
[Date "2017.09.12"]
[Round "7"]
[White "Gaifullin, Artur"]
[Black "Gatineau, Yovann"]
[Result "1-0"]
[WhiteElo "2413"]
[BlackElo "2277"]
[Annotator "TA"]
[PlyCount "67"]
[EventDate "2017.??.??"]
[EventType "swiss"]
[EventCountry "ROU"]
[SourceTitle "playchess.com"]
[Source "ChessBase"]
[SourceQuality "1"]

{[%evp 17,67,-31,-20,0,106,116,107,104,118,137,150,149,128,139,188,185,198,184,188,184,190,137,213,204,195,76,66,54,158,57,72,56,73,0,0,0,57,51,45,45,48,45,55,45,53,56,190,195,191,201,695,629]} 1. Nf3 Nf6 2. c4 c6 3. Nc3 d5 4. e3 e6 5. b3 Nbd7 6. Bb2 Bd6 7. Qc2 O-O 8. Rg1 {A11: English Opening: 1...c6} (8. Be2 a6 9. d4 b5 10. O-O Bb7 11. e4 b4 12. e5 bxc3 13. Bxc3 Bc7 14. exf6 Nxf6 15. c5 a5 16. a3 Ba6 17. Bxa6 Rxa6 {½-½ (48) Gordievsky,D (2613)-Li,R (2571) Las Vegas 2017}) 8... e5 9. cxd5 cxd5 {LiveBook: 13 Games} 10. g4 {The position is equal.} h6 $146 (10... d4 $11 {remains equal.} 11. Nb5 Bb8) ({Predecessor:} 10... d4 11. Nb5 Bb8 12. Rc1 a6 13. Nc7 d3 14. Qc3 Bxc7 15. Qxc7 Qxc7 16. Rxc7 {1-0 (26) Henrichs,T (2491)-Wagner,A (2277) Dortmund 2017}) 11. g5 $16 hxg5 12. Nxg5 {Strongly threatening Nxd5!} ({Don't play} 12. Rxg5 $6 Nc5 $11) 12... Nb6 13. Nb5 $40 {[%mdl 128] White has strong attack.} e4 14. Nxd6 Qxd6 15. Qc3 $1 {[%cal Rc3f6] aiming for Qxf6!} Kh8 ({Don't blunder} 15... Qxh2 $2 16. Nf3 $1 $18 {[%mdl 512]}) 16. f4 {[%cal Bf2f4,Bf4e5][%mdl 32]} Bf5 17. Qe5 Qxe5 18. fxe5 Nfd7 19. Bb5 (19. Rc1 $18) 19... a6 (19... Rac8 $16) 20. Bxd7 $1 $18 Nxd7 21. Ke2 (21. Rc1 $1 $18 {and White stays clearly on top.}) 21... Nc5 $16 22. Raf1 (22. e6 $5 fxe6 23. Bxg7+ $1 {[%mdl 512]} Kxg7 24. Nxe4+ Kf7 25. Nxc5 $16) 22... Be6 ({Black should play} 22... Bg6 $14 23. Ba3 Nd3 24. Nxf7+ Bxf7) 23. Rf4 (23. h4 $16) 23... Kg8 $1 $14 24. Ba3 Rfc8 25. Rh4 (25. Rf6 $16) 25... Bf5 $1 $11 26. Rf4 Be6 (26... Bg6 $11) 27. Bxc5 (27. Rf6 $5) 27... Rxc5 28. h4 {[%cal Bh2h4,Bh4h5,Bh5h6][%mdl 32]} Rac8 $1 29. Rff1 R8c7 30. h5 {Black must now prevent h6!} Kh8 $1 31. Rf4 a5 {[#]} (31... R5c6 $1 $14) 32. h6 $1 $18 {[%cal Rh6g7][%mdl 512]} gxh6 33. Rh4 Rc1 $2 (33... Bf5 34. Rxh6+ Kg7) 34. Nxe6 {Precision: White = 61%, Black = 55%.} 1-0

[Event "EYCC 2017"]
[Site "Mamaia"]
[Date "2017.09.12"]
[Round "7"]
[White "Parkhov, Yair"]
[Black "Bronstein, Or"]
[Result "0-1"]
[WhiteElo "2391"]
[BlackElo "2308"]
[Annotator "TA"]
[PlyCount "112"]
[EventDate "2017.??.??"]
[EventType "swiss"]
[EventCountry "ROU"]
[SourceTitle "playchess.com"]
[Source "ChessBase"]
[SourceQuality "1"]

{[%evp 28,112,0,-14,0,0,0,0,6,0,33,46,47,23,26,-12,0,-72,-73,-78,-67,-85,-38,-38,0,0,0,-104,0,-266,-264,-257,-264,-260,-258,-271,-252,-504,-504,-496,-364,-437,-253,-247,-259,-256,-273,-316,-295,-297,-262,-285,-162,-114,-185,-789,-834,-4132,-4132,-1654,-1246,-4147,-4133,-4139,-4139,-4133,-4132,-4132,-4132,-4132,-1960,-29981,-1868,-1237,-1227,-1712,-1665,-1631,-1595,-1533,-1533,-1486,-1479,-1479,-1359,-1297,-916]} 1. d4 Nf6 2. c4 e6 3. Nc3 d5 4. cxd5 Nxd5 5. e4 Nxc3 6. bxc3 c5 7. Nf3 cxd4 8. cxd4 Bb4+ 9. Bd2 Bxd2+ 10. Qxd2 O-O 11. Bc4 Nd7 12. O-O {D41: Queen's Gambit Declined: Semi-Tarrasch with 5 cxd5} b6 13. Qf4 (13. Rac1 Bb7 14. d5 Nc5 15. Rfe1 Qf6 16. Qe3 Rac8 17. e5 Qg6 18. d6 f6 19. Nh4 Qg4 {1-0 (34) Aronian,L (2793)-Kramnik,V (2808) Stavanger 2017}) 13... Bb7 14. Rac1 Rc8 15. Bd3 {LiveBook: 5 Games} h6 16. h4 $146 ({Find the theoretical novelty and annotate with similar games:} 16. Rxc8 Qxc8 17. Rc1 Qa8 18. Rc7 Nf6 19. d5 exd5 20. e5 Ne8 {1-0 (34) Jensson,E (2378)-Salomon,J (2498) Sastamala 2016}) 16... Rxc1 17. Rxc1 Qa8 18. Nd2 Rc8 19. Rxc8+ Qxc8 20. Nc4 $1 {[%cal Rc4d6]} Nf6 21. f3 (21. Nd6 $5 {[%cal Rd6c8]} Qc3 22. Bf1 $11) 21... Nh5 $36 {[%mdl 2048] Black has good play.} 22. Qe3 {[#]} (22. Qd2 $11) 22... Ba6 $1 $17 {[%cal Ra6c4]} 23. Ne5 Qc3 24. g4 Bxd3 25. Nxd3 Nf4 26. Qxf4 {Black must now prevent Nf2.} Qxd3 $11 {[%mdl 4096] Endgame KQ-KQ} 27. Qb8+ Kh7 28. Qxa7 $2 {[%mdl 8192]} (28. Kg2 $11) 28... Qxf3 $19 29. Qxb6 Qxg4+ 30. Kf1 Qf4+ ({Don't play} 30... Qxh4 31. e5 $19) 31. Kg1 Qxh4 32. a4 $2 (32. d5) 32... Qe1+ 33. Kh2 {If White can now play a5 this consolidates a bit.} Qe2+ 34. Kg3 Qd3+ (34... Qe3+ $142 35. Kh2 e5) 35. Kf2 Qc2+ ({Not} 35... Qxe4 36. a5 $15) 36. Ke3 {intending a5.} Qxa4 37. d5 Qa3+ 38. Kd4 {[#]} e5+ $1 39. Kc4 (39. Kxe5 Qg3+) 39... Qc1+ (39... h5 $142 {Hoping for ...Qc1+.} 40. Qf2 f6) 40. Kb5 {d6 is the strong threat.} Qb1+ 41. Ka6 $2 (41. Kc5 Qc2+ 42. Kb5) 41... Qxe4 42. d6 {[#]} Qd3+ $1 43. Kb7 e4 44. Kc7 e3 45. d7 e2 46. Qf2 Qc3+ 47. Kb7 Qb2+ 48. Kc8 Qc1+ 49. Kd8 Qd1 ({Stronger than} 49... e1=Q 50. Qf5+ Kh8 51. Qh7+ Kxh7 $11) (49... Qf1 $142 50. Qxf1 exf1=Q 51. Ke8 Qf6 52. d8=Q Qxd8+ 53. Kxd8 f5 54. Kc7 f4 55. Kd6 f3 56. Kc5 f2 57. Kd4 f1=Q 58. Kc5 h5 59. Kd4 Qf4+ 60. Kc5 h4 61. Kd5 h3 62. Ke6 h2 63. Kd5 h1=Q+ 64. Kc5 Qh5+ 65. Kb6 Qb8+ 66. Kc6 Qhb5#) 50. Kc8 {Black is clearly winning.} e1=Q 51. Qf5+ Kg8 {( -> ...Qc1+)} 52. d8=Q+ Qxd8+ 53. Kxd8 Qd2+ 54. Kc7 Qc3+ 55. Kb7 g6 56. Qe4 h5 {Precision: White = 37%, Black = 63%.} 0-1

[Event "EYCC 2017"]
[Site "Mamaia"]
[Date "2017.09.12"]
[Round "7"]
[White "Kharitonov, Egor"]
[Black "Borhy, Marcell"]
[Result "1/2-1/2"]
[WhiteElo "2387"]
[BlackElo "2178"]
[Annotator "ChessBase"]
[PlyCount "90"]
[EventDate "2017.??.??"]
[EventType "swiss"]
[EventCountry "ROU"]
[SourceTitle "playchess.com"]
[Source "ChessBase"]
[SourceQuality "1"]
[TimeControl "40/5400+30:1800+30"]

1. d4 {[%emt 0:00:00]} d5 {[%emt 0:00:10]} 2. c4 {[%emt 0:00:00]} e6 {[%emt 0:00:21]} 3. Nc3 {[%emt 0:00:35]} Nf6 {[%emt 0:00:16]} 4. cxd5 {[%emt 0:00:06]} exd5 {[%emt 0:00:14]} 5. Bg5 {[%emt 0:00:07]} c6 {[%emt 0:00:31]} 6. Qc2 {[%emt 0:00:06]} g6 {[%emt 0:01:37]} 7. e3 {[%emt 0:00:40]} Bf5 {[%emt 0:00:44]} 8. Bd3 {[%emt 0:01:20]} Bxd3 {[%emt 0:00:36]} 9. Qxd3 {[%emt 0:00:06]} Nbd7 {[%emt 0:01:02]} 10. Nf3 {[%emt 0:00:07]} Be7 {[%emt 0:01:17]} 11. O-O {[%emt 0:01:31]} O-O {[%emt 0:00:52]} 12. Rab1 {[%emt 0:02:03]} a5 {[%emt 0:00:26]} 13. Qc2 {[%emt 0:02:06]} b5 {[%emt 0:11:37]} 14. Ne2 {[%emt 0:13:04]} Rc8 {[%emt 0:03:24]} 15. Nc1 {[%emt 0:04:05]} Ne4 {[%emt 0:05:16]} 16. Bf4 {[%emt 0:08:12]} f6 {[%emt 0:27:03]} 17. Nd2 {[%emt 0:09:24]} Nxd2 {[%emt 0:16:29]} 18. Qxd2 {[%emt 0:02:39]} Nb6 {[%emt 0:03:55]} 19. Qxa5 {[%emt 0:12:47]} b4 {[%emt 0:00:10]} 20. Qa6 {[%emt 0:00:05]} Nc4 {[%emt 0:00:13]} 21. Rd1 {[%emt 0:00:07]} g5 {[%emt 0:09:37]} 22. Bg3 {[%emt 0:00:10]} h5 {[%emt 0:00:31]} 23. h3 {[%emt 0:03:02]} Qd7 {[%emt 0:01:56]} 24. Qa4 {[%emt 0:00:41]} h4 {[%emt 0:00:20]} 25. Bh2 {[%emt 0:00:06]} g4 {[%emt 0:00:25]} 26. Qc2 {[%emt 0:01:35]} Rf7 {[%emt 0:01:52]} 27. hxg4 {[%emt 0:02:15]} Qxg4 {[%emt 0:00:03]} 28. Qe2 {[%emt 0:00:15]} Qe4 {[%emt 0:08:39]} 29. Qd3 {[%emt 0:03:10]} f5 {[%emt 0:00:09]} 30. Ne2 {[%emt 0:10:02]} Ra8 {[%emt 0:00:58]} 31. Qxe4 {[%emt 0:06:30]} fxe4 {[%emt 0:00:11]} 32. Nc1 {[%emt 0:00:09]} Bg5 {[%emt 0:04:58]} 33. b3 {[%emt 0:01:25]} Bxe3 {[%emt 0:00:31]} 34. fxe3 {[%emt 0:07:46]} Nxe3 {[%emt 0:00:01]} 35. Re1 {[%emt 0:00:12]} Nc2 {[%emt 0:00:05]} 36. Rf1 {[%emt 0:00:34]} Nxd4 {[%emt 0:00:19]} 37. Rxf7 {[%emt 0:01:22]} Kxf7 {[%emt 0:00:01]} 38. Bd6 {[%emt 0:01:02]} Rg8 {[%emt 0:01:54]} 39. Kh2 {[%emt 0:00:52]} Nf5 {[%emt 0:00:42]} 40. Bxb4 {[%emt 0:00:00]} d4 {[%emt 0:00:27]} 41. Ne2 {[%emt 0:03:03]} d3 {[%emt 0:05:59]} 42. Nf4 {[%emt 0:00:05]} Rd8 {[%emt 0:04:54]} 43. Rd1 {[%emt 0:03:42]} Ne3 {[%emt 0:01:47]} 44. Re1 {[%emt 0:04:46]} Ng4+ {[%emt 0:04:53]} 45. Kg1 {[%emt 0:01:01]} d2 {[%emt 0:00:09]} 1/2-1/2

[Event "EYCC 2017"]
[Site "Mamaia"]
[Date "2017.09.12"]
[Round "7"]
[White "Pultinevicius, Paulius"]
[Black "Vrolijk, Liam"]
[Result "0-1"]
[WhiteElo "2381"]
[BlackElo "2418"]
[Annotator "TA"]
[PlyCount "50"]
[EventDate "2017.??.??"]
[EventType "swiss"]
[EventCountry "ROU"]
[SourceTitle "playchess.com"]
[Source "ChessBase"]
[SourceQuality "1"]

{[%evp 15,50,0,27,0,0,-11,-17,-53,-42,-70,-70,-85,-50,-45,-54,-46,-43,-129,-133,-154,-92,-99,-99,-102,-102,-102,-10,-12,-12,-23,-13,-395,-365,-485,-481,-458,-437]} 1. d4 Nf6 2. c4 e6 3. Nc3 Bb4 4. Qc2 b6 5. e4 c5 6. dxc5 {E32: Nimzo-Indian: Classical (4 Qc2): 4...0-0} (6. d5 Qe7 7. Nge2 exd5 8. exd5 O-O 9. Bd2 Bxc3 10. Qxc3 Ne4 11. Qe3 Re8 12. O-O-O b5 13. Ng3 Nxd2 14. Qxe7 Rxe7 15. Kxd2 bxc4 16. Bxc4 {1-0 (59) Rakhmanov,A (2670)-Rozum,I (2573) Sochi 2017}) 6... Bxc5 7. Nf3 Nc6 $146 ({Predecessor:} 7... Ng4 8. Nd1 Nc6 9. Bd2 O-O 10. Bd3 Nb4 11. Bxb4 Bxb4+ 12. Nc3 Qf6 13. Rc1 Bb7 14. O-O Rac8 {½-½ (14) Gonzalez Vidal,Y (2495)-Gonzalez Rodriguez,J (2386) Barcelona 2005}) 8. a3 O-O {LiveBook: 9 Games} 9. h3 (9. Bg5 $5 {[%cal Re4e5]}) 9... d5 10. cxd5 exd5 11. exd5 Nxd5 12. Be2 Nxc3 13. bxc3 Qd5 14. O-O Bf5 15. Qa4 Na5 16. Ng5 ({Better is} 16. Qf4 $15) 16... Rae8 $17 17. Bb5 Rd8 (17... Re7 $142 18. Rd1 Qb7) 18. Bf4 h6 19. Nf3 {[#]} Bxh3 $1 {[%mdl 512]} 20. Rad1 {[#]} (20. gxh3 Qxf3) 20... Qb7 (20... Qh5 $1 $17 {[%cal Rh5g4]} 21. Nd4 Bg4) 21. Rxd8 $11 Rxd8 {[%cal Bf8d8,Bd8d6,Bd6g6][%mdl 32]} 22. Bxh6 $1 {Black must now prevent Qh4.} Rd6 23. Re1 $2 {[%mdl 8192]} (23. Bg5 $11 {and White has nothing to worry.}) 23... gxh6 $19 24. Re8+ Kg7 25. Qf4 Rg6 {Precision: White = 31%, Black = 44%.} ({Resist} 25... Rd1+ 26. Re1 $19) 0-1

[Event "EYCC 2017"]
[Site "Mamaia"]
[Date "2017.09.12"]
[Round "7"]
[White "Haug, Johannes"]
[Black "Vykouk, Jan"]
[Result "1/2-1/2"]
[WhiteElo "2379"]
[BlackElo "2440"]
[Annotator "TA"]
[PlyCount "91"]
[EventDate "2017.??.??"]
[EventType "swiss"]
[EventCountry "ROU"]
[SourceTitle "playchess.com"]
[Source "ChessBase"]
[SourceQuality "1"]

{[%evp 11,91,14,21,31,61,46,67,-3,13,20,45,32,27,32,48,61,49,-31,106,111,103,114,189,184,183,148,174,186,193,180,209,212,200,196,337,360,428,423,423,428,434,420,422,410,432,395,513,477,522,531,514,529,532,508,426,0,360,297,293,300,343,289,280,253,252,259,277,0,275,263,255,258,279,218,302,188,229,221,203,188,189,0]} 1. e4 c5 2. Nf3 e6 3. b3 b6 4. Bd3 Bb7 5. O-O Nf6 6. Re1 {B40: Sicilian: 2...e6, Unusual lines} (6. e5 Nd5 7. Be4 Qc7 8. Re1 Be7 9. Bb2 b5 10. Na3 a6 11. c4 bxc4 12. Nxc4 {0-1 (41) Kasparov,G (2812)-So,W (2773) Saint Louis 2016}) 6... Be7 {LiveBook: 3 Games} 7. e5 Nd5 8. Be4 {White is slightly better.} Nc6 9. Bxd5 $146 ({White should play} 9. c4 $14 Nc7 10. Bb2) ({Predecessor:} 9. c4 Nc7 10. d4 d5 11. exd6 Qxd6 {1-0 (25) Streiter,G (2005)-Prato,S (2024) St Johann im Pongau 2016}) 9... exd5 $11 10. d4 Nxd4 11. Nxd4 cxd4 12. Qg4 Qc7 13. Qxg7 O-O-O 14. Qxf7 (14. Qg3 $14) 14... Bb4 (14... Bc5 $1 $15 15. Bh6 Bb4) 15. Bd2 $16 Rdf8 16. Qh5 $1 Bxd2 (16... Bc5 $16) 17. Nxd2 $18 Qc3 18. Qe2 Rhg8 19. Nf1 {[%cal Bd2f1,Bf1g3,Bg3h5,Bh5f6][%mdl 32]} Kb8 20. Ng3 h5 21. Nxh5 Ba6 {[#]} 22. Qd1 $1 (22. Qxa6 Rxg2+ 23. Kxg2 Qf3+ 24. Kg1 Qxf2+ 25. Kh1 Qf3+ 26. Kg1 Qf2+ 27. Kh1 Qf3+ 28. Kg1 Qf2+ $11) 22... d3 {[#]} (22... Rf7 $142 23. Nf6 Qh3) 23. cxd3 $1 Qd4 24. Nf6 Rg7 25. Qf3 {Black must now prevent Nxd7+!} Rh8 26. Rad1 Bb7 27. h3 a5 28. Kh2 Ka7 29. Qe3 Qh4 30. d4 d6 31. f4 Bc8 32. Rd3 Rh6 33. e6 $2 ({White should try} 33. g4 $18) 33... Re7 $2 {[%mdl 8192]} (33... Rxf6 $11 {and Black stays safe.} 34. e7 Bxh3 35. Qxh3 (35. gxh3 $2 Re6 $19) (35. g3 $2 Qh7 $19) 35... Qxe1 36. Qd7+ Ka6 37. Qc8+ Ka7 38. Qd7+ Ka6 39. Qc8+ Ka7 40. Qd7+) 34. Ng8 Rhxe6 35. Nxe7 Qxe7 36. Qc1 Rxe1 37. Qxc8 {[%mdl 4096] Endgame KQR-KQR} Qe4 38. Qc7+ Ka6 39. Qc8+ Ka7 40. Rf3 Qxd4 {Now ...Qg1+ and Black clings on.} 41. Qc7+ Ka6 42. Qc3 ({Inferior is} 42. Qxd6 Qg1+ 43. Kg3 Re2 $19) 42... Qg1+ 43. Kg3 Re8 {White is clearly better.} 44. Qd3+ Ka7 {and if ...Rg8+ works, Black does fine.} 45. Qxd5 {Qf7+ is the strong threat.} Re7 {aiming for ...Rg7+.} 46. Rf2 $2 {Precision: White = 68%, Black = 47%.} ({Not} 46. Qxd6 Rg7+ 47. Kh4 Qe1+ 48. g3 Qe4 $15) (46. Qg8 $18) 1/2-1/2